| 000 | 00627nam a2200217 i 4500 | ||
|---|---|---|---|
| 001 | 73702 | ||
| 003 | ES-MaACL | ||
| 005 | 20250902125914.0 | ||
| 007 | t| | ||
| 008 | 040910s1920 fr ||||1| fre d | ||
| 100 | 1 |
_aGoncourt, Edmond de, _d1822-1896 _9127377 |
|
| 245 | 1 | 0 | _aRomans de Edmond et Jules de Goncourt. |
| 250 | _aNouvelle éd. | ||
| 260 |
_aParis : _bEugéne Fasquelle, _c1920. |
||
| 300 |
_a339 p. ; _c19 cm. |
||
| 505 | 8 | _aContiene: III: Renée Mauperin | |
| 700 | 1 |
_aGoncourt, Jules de, _d1830-1870 _958231 |
|
| 740 | 0 | _aRenée Mauperin. | |
| 852 |
_aES-MaACL _jG-8776 |
||
| 999 |
_c73702 _d73702 |
||